=LDR 00000nam 2200000 4500 =001 INLIS000000000030909 =005 20130612133022 =008 ***********************************ind** =035 ##$$0010-061300000030909 =041 ##$$a ind =082 ##$$a 813 k =090 ##$$a 813 k, Riy t =100 ##$$a Riyanto, Slamet =245 ##$$a The Story of, Entong Gendut, Slamet Riyanto =260 ##$$a 2008 $b Yogyakarta =300 ##$$a 64 hlm, ilus, 21 cm...(seri cerita dongeng) =650 ##$$a Fiksi Indonesia Kanak-kanak =850 ##$$a NBPNMAT =990 ##$$a 16171617 =990 ##$$a 20901378 =990 ##$$a 20901378